Statistiques concernant Rappeurs par lettre - O

Cliquez ici pour prendre le quiz!

Statistiques générales

  • Ce quiz a été pris 167 fois
  • Le résultat moyen est 3 sur 5

Statistiques - réponses

Albums notableRappeur% Correct
Le chant des sirènes, La Fête est finieOrelsan
95%
La cour des grands, La vraie vie (membre du duo)Oli
74%
OMEGA, MafanaOBOY
41%
L'Amour Est Mort, Le Cactus De SibérieOxmo Puccino
36%
Nouvelle èreOsirus Jack
25%

Distribution des résultats

Percentile par nombre de réponses

% des personnes avec chaque résultat

Votre développement - résultats

Vous n’avez pas pris ce quiz